000 00598nam a2200193 4500
001 122009
003 ES-MaACL
005 20250713091423.0
007 t|
008 070214s1914 fr r ||||1| fre d
100 1 _aPoe, Edgar Allan,
_d1809-1849
_9188384
245 1 0 _aHistoires etranges et merveilleuses /
_cEdgar Poe ; traduites de l'anglais par M. D. Calvocoressi.
250 _a2e éd.
260 _aParis :
_bMercure de France,
_c[1914]
300 _a340 p. ;
_c19 x 12 cm.
700 1 _aCalvocoressi , M. D.
_9200213
852 _aES-MaACL
_jF-9084
999 _c122009
_d122009